000 00365nam a2200145Ia 4500
008 191201s2005 xx 000 0 und d
082 _a621.381958
_bWAD
100 _aWAKERLY, John
245 0 _aDigital Design Principles and Practices
250 _a3rd
260 _aN.Delhi
_bPearson Education
_c2005
300 _a972
650 _aB.Tech(ECE)
942 _2ddc
_cBK
999 _c1059
_d1059